书目信息 |
| 题名: |
行政法制史教程
|
|
| 作者: | 关保英 主编 | |
| 分册: | ||
| 出版信息: | 北京 中国政法大学出版社 2006.07 |
|
| 页数: | 681页 | |
| 开本: | 23cm | |
| 丛书名: | ||
| 单 册: | ||
| 中图分类: | D922.102 | |
| 科图分类: | ||
| 主题词: | 行政法--xing zheng fa--法制史--高等学校--中国--教材 | |
| 电子资源: | ||
| ISBN: | 7-5620-2849-4 | |
| 000 | 00778nam0 2200217 450 | |
| 001 | 012007094932 | |
| 005 | 20070521125313.03 | |
| 010 | @a7-5620-2849-4@dCNY48.00 | |
| 100 | @a20070312d2006 km y0chiy0120 ea | |
| 101 | 0 | @achi |
| 102 | @aCN@b110000 | |
| 105 | @ay z 000yy | |
| 200 | 1 | @a行政法制史教程@Axing zheng fa zhi shi jiao cheng@f关保英主编@Fguan bao ying zhu bian |
| 210 | @a北京@c中国政法大学出版社@d2006.07 | |
| 215 | @a681页@d23cm | |
| 330 | @a本书共二十五章,详细介绍了行政法与宪法关系史、行政法渊源史、行政组织制度史、中央行政机关史、公务员制度史、行政强制制度史等。 | |
| 606 | 0 | @a行政法@Axing zheng fa@x法制史@x高等学校@y中国@j教材 |
| 690 | @aD922.102@v4 | |
| 701 | 0 | @a关保英@Aguan bao ying@4主编 |
| 801 | 0 | @aCN@c20070521 |
| 905 | @a10447@dD922.102@eG542 | |
| 行政法制史教程/关保英主编.-北京:中国政法大学出版社,2006.07 |
| 681页;23cm |
| ISBN 7-5620-2849-4:CNY48.00 |
| 本书共二十五章,详细介绍了行政法与宪法关系史、行政法渊源史、行政组织制度史、中央行政机关史、公务员制度史、行政强制制度史等。 |
| ● |
| 相关链接 |
|
|
|
正题名:行政法制史教程
索取号:D922.102/G542
 
预约/预借
| 序号 | 登录号 | 条形码 | 馆藏地/架位号 | 状态 | 备注 |
| 1 | 236978 | 202369784 | 社科库509/509社科库 84排7列4层/ [索取号:D922.102/G542] | 在馆 | |
| 2 | 236979 | 202369793 | 社科库509/509社科库 84排7列4层/ [索取号:D922.102/G542] | 在馆 |